| 000 | 00727cam a2200241 a 4500 | ||
|---|---|---|---|
| 001 | 10872 | ||
| 003 | BD-RjUL | ||
| 005 | 20211208235031.0 | ||
| 008 | 161229s1948 paua b 001 0 eng | ||
| 035 |
_a(BD-RjUL)10921 _a(OCoLC)ocm00962656 |
||
| 040 |
_aDLC _cDLC _beng _dBD-RjUL |
||
| 041 | _aeng | ||
| 082 | 0 | 0 |
_a551.48 _bWEL 1948 _223 |
| 100 | 1 |
_aWelch, Paul S. _q(Paul Smith), _d1882-1959 _933612 |
|
| 245 | 1 | 0 |
_aLimnological methods / _cby Paul S. Welch. |
| 260 |
_aNew York : _bMcGraw-Hill, _cc1948. |
||
| 300 |
_axviii, 381 p. : _bill. ; _c24 cm. |
||
| 504 | _aIncludes bibliographies and index. | ||
| 650 | 0 |
_aLimnology _933613 |
|
| 650 | 0 |
_aFreshwater biology _933614 _2Research. |
|
| 942 |
_2ddc _cBK |
||
| 999 |
_c10872 _d10872 |
||